Pokémon with 4x weakness to Rock - Statistics

General Stats
  • This quiz has been taken 375 times
    339 since last reset
  • The average score is 21 of 30
Answer Stats
Gen Answer % Correct
I Butterfree
93%
I Articuno
90%
I Moltres
90%
V Volcarona
86%
I Charizard
85%
VI Charizard (Mega Y)
85%
V Larvesta
83%
III Beautifly
82%
VIII Frosmoth
82%
VIII Snom
82%
VI Talonflame
80%
I Scyther
78%
VI Fletchinder
74%
II Ledyba
72%
II Ledian
71%
VIII Centiskorch
70%
II Delibird
70%
VIII Sizzlipede
70%
VI Vivillon
70%
IV Vespiquen
68%
IV Combee
67%
IV Mothim
67%
II Ho-Oh
62%
VIII Darmanitan (Galarian Zen Mode)
60%
III Masquerain
60%
II Yanma
57%
IV Yanmega
57%
III Ninjask
52%
VI Pinsir (Mega)
47%
VII Oricorio (Baile)
43%
No matching quizzes found
Score Distribution
Percent of People with Each Score
Percentile by Number Answered
Your Score History
You have not taken this quiz since the last reset